आंधारमानिक / (Record no. 116108)

MARC details
000 -LEADER
fixed length control field 01218nam a22002897a 4500
003 - CONTROL NUMBER IDENTIFIER
control field dpl
005 - DATE AND TIME OF LATEST TRANSACTION
control field 20180922130818.0
008 - FIXED-LENGTH DATA ELEMENTS--GENERAL INFORMATION
fixed length control field 180922b ||||| |||| 00| 0 eng d
010 ## - LIBRARY OF CONGRESS CONTROL NUMBER
LC control number A-0144081
020 ## - INTERNATIONAL STANDARD BOOK NUMBER
Terms of availability 395.00
International Standard Book Number 8171199011
035 ## - SYSTEM CONTROL NUMBER
System control number A-0144081, B-144087
037 ## - SOURCE OF ACQUISITION
Source of stock number/acquisition Cen Lib/Ret
040 ## - CATALOGING SOURCE
Original cataloging agency DPL
Language of cataloging HN
Transcribing agency 0
082 ## - DEWEY DECIMAL CLASSIFICATION NUMBER
Classification number
Item number महाश्वे
100 ## - MAIN ENTRY--PERSONAL NAME
Personal name महाश्वेता देवी
9 (RLIN) 64845
245 ## - TITLE STATEMENT
Title आंधारमानिक /
Statement of responsibility, etc महाश्वेता देवी ; अनुवादक सुशील गुप्ता
246 ## - VARYING FORM OF TITLE
Title proper/short title Aandharmanik /
Remainder of title by Mahashweta Devi ; anuvadak Susheel Gupta
260 ## - PUBLICATION, DISTRIBUTION, ETC. (IMPRINT)
Place of publication, distribution, etc दिल्ली
Name of publisher, distributor, etc राधाकृष्ण प्रकाशन
Date of publication, distribution, etc 2004
270 ## - ADDRESS
Address जी-17, जगतपुरी
City दिल्ली
Postal code 110051
300 ## - PHYSICAL DESCRIPTION
Extent xi,483पृ.
Dimensions 20सेमी(सजिल्द)
650 ## - SUBJECT ADDED ENTRY--TOPICAL TERM
Topical term or geographic name as entry element हिन्दी -- साहित्य
9 (RLIN) 64846
650 ## - SUBJECT ADDED ENTRY--TOPICAL TERM
Topical term or geographic name as entry element हिन्दी -- उपन्यास
9 (RLIN) 64847
650 ## - SUBJECT ADDED ENTRY--TOPICAL TERM
Topical term or geographic name as entry element Hindi -- Literature
9 (RLIN) 64848
650 ## - SUBJECT ADDED ENTRY--TOPICAL TERM
Topical term or geographic name as entry element Hindi -- Fiction
9 (RLIN) 27248
700 ## - ADDED ENTRY--PERSONAL NAME
Personal name गुप्ता, सुशील
9 (RLIN) 64849
942 ## - ADDED ENTRY ELEMENTS (KOHA)
Source of classification or shelving scheme Dewey Decimal Classification
Koha item type Hindi Books
Classification part
Call number suffix महाश्वे
Holdings
Withdrawn status Lost status Damaged status Not for loan Home library Current library Date acquired Source of acquisition Cost, normal purchase price Total Checkouts Full call number Barcode Date last seen Copy number Cost, replacement price Price effective from Koha item type Total Renewals Date checked out Source of classification or shelving scheme Collection code
        Central Library Central Library 22/08/2015 Cen Lib/Ret 395.00   उ महाश्वे A-0144081 22/08/2015 1 395.00 22/08/2015 Hindi Books        
        Central Library Central Library 30/12/2015 Cen Lib/Ret 395.00 1 उ महाश्वे B-144081 20/03/2025 1 395.00 30/12/2015 Hindi Books 1 03/03/2025    
        Shahdara Branch Shahdara Branch 22/09/2018 BPPD/PUB 395.00   उ महाश्वे B-144087 22/09/2018   395.00 22/09/2018 Hindi Books     Dewey Decimal Classification Fiction

© Delhi Public Library
Hit Counter
free hit counter